| 000 | 00627nam a2200205 a 4500 | ||
|---|---|---|---|
| 001 | 5521 | ||
| 003 | CDMR | ||
| 005 | 20131112180228.0 | ||
| 008 | 130130s1968||||||||||||||||||||||||||||d | ||
| 040 |
_aCDMR _bcat _cCDMR |
||
| 245 | 0 |
_aReportaje a la realidad _cselección e introducción de Edward W. Barrett |
|
| 250 | _aJournalists in action | ||
| 260 |
_aBuenos Aires _ccop. 1968 _bTroquel |
||
| 300 | _a398 p. | ||
| 650 | 0 | 4 |
_92030 _aPeriodisme _xOrientació professional |
| 650 | 0 | 4 |
_93430 _aPeriodistes _vRecull d'escrits |
| 650 | 0 | 4 |
_94187 _aPeriodisme _xAnècdotes |
| 700 | 1 |
_94339 _aBarrett, Edward W. _eed. |
|
| 942 |
_cMON _2udc |
||
| 999 |
_c5521 _d5521 |
||